Gaming Quiz

Random Gaming or Pokémon Quiz

Pokémon Common Bonds Quiz Stats

 Plays Quiz not verified by Sporcle

Challenge
Share
Tweet
Embed
Score 0/54 Timer 14:00
0 Plays Today
% Correct
Raichu
95%
Dragonite
75.6%
Lt. Surge
75.3%
Lt. Surge
75.3%
Electrode
73.6%
Aerodactyl
71.7%
Lance
69.7%
Lance
69.7%
Charizard
69.2%
Electabuzz
68.9%
Gyarados
67.8%
------------
67.8%
Gyarados
67.8%
------------
67.8%
Blue
67.2%
Skarmory
66.9%
Magneton
62.5%
Magneton
62.5%
Mr. Mime
61.7%
Alakazam
60.6%
Alakazam
60.6%
Seaking
60%
Sabrina
59.4%
Sabrina
59.4%
Typhlosion
58.3%
Wobbuffet
57.2%
Venomoth
56.7%
% Correct
Ampharos
55.8%
Luvdisc
55.6%
Manectric
53.9%
Wallace
53.6%
Wallace
53.6%
Milotic
52.8%
Bronzong
51.7%
Steelix
51.4%
Floatzel
50.6%
Wattson
50.3%
Wattson
50.3%
Crasher Wake
50%
Crasher Wake
50%
Quagsire
49.7%
Espeon
49.7%
Bastiodon
48.9%
Feraligatr
47.8%
Pachirisu
46.4%
Meganium
46.4%
Byron
44.4%
Byron
44.4%
Silver
43.1%
Silver
43.1%
Lucian
41.7%
Lucian
41.7%
Girafarig
36.4%
Sharpedo
35.8%

You're not logged in!

Compare scores with friends on all Sporcle quizzes.
OR
Log In

You Might Also Like...

Show Comments

Extras

Top Quizzes Today


Score Distribution

Your Account Isn't Verified!

In order to create a playlist on Sporcle, you need to verify the email address you used during registration. Go to your Sporcle Settings to finish the process.

Report this User

Report this user for behavior that violates our Community Guidelines.

Details: